000 00982nas a2200277Ia 4500
001 dg18-1085 [d000001019]
003 IT-MiCISF
008 161014c99999999xx |||||||||||| ||und||
040 _aIT-MiCISF
_cIT-MiCISF
041 _aITALIANO
100 _aRemuet-Alexandrou Françoise
210 _aDonne d'Europa
222 _aDonne d'Europa
245 0 _aIl diritto comunitario e le donne
250 _a1a ed.
260 _aBruxelles
_bComunità Europee. Commissione. Direzione Generale dell'Informazione. Informazione della Stampa e delle Associazioni Femminili
_c1986
501 _bCISF - Centro Internazionale Studi Famiglia - Via Giotto, 36 20145 MILANO (non commercial uses only)
_cCopyright 2016
300 _app. 158
362 _asuppl. al n. 25 [1986]
500 _aTema: donna, diritto, legislazione, comparazione
650 _adonna
_vvario
700 _aGolzalez Maria j.
700 _aHonrado Francisco J.
942 _cCR
957 _71
999 _a1085
_bSi
_g1
_c247977
_d247977